| 000 | 00755nam a2200253Ia 4500 | ||
|---|---|---|---|
| 003 | OSt | ||
| 005 | 20220928120750.0 | ||
| 006 | a|||||r|||| 00| 0 | ||
| 007 | ta | ||
| 008 | 220927b |||||||| |||| 00| 0 eng d | ||
| 024 | _a40334 | ||
| 037 | _cTextual | ||
| 040 |
_aSDCL _cSDCL _beng |
||
| 041 |
_2eng _aeng |
||
| 082 | _aS:86g, N8 | ||
| 100 |
_aGreenberg Leslie S Ed. _9451017 |
||
| 245 | 0 | _aHandbook of experiential psychotherapy. | |
| 260 |
_aNew York _b Guilford Press _c1998 |
||
| 300 |
_axii,477p. _ccm. |
||
| 700 |
_a Lietaer Germain Ed. _9451018 |
||
| 700 |
_a Watson Jeanne C Ed. _9451019 |
||
| 942 |
_hS:86g, N8 _cTEXL _2CC |
||
| 999 |
_c765140 _d765140 |
||